Advanced health assessment and diagnostic reasoning / (Record no. 18487)
[ view plain ]
| 000 -LEADER | |
|---|---|
| fixed length control field | 01015nam a22002777a 4500 |
| 005 - DATE AND TIME OF LATEST TRANSACTION | |
| control field | 20150328133740.0 |
| 008 - FIXED-LENGTH DATA ELEMENTS--GENERAL INFORMATION | |
| fixed length control field | 141022t2014 maua fr 001 0 eng d |
| 020 ## - INTERNATIONAL STANDARD BOOK NUMBER | |
| International Standard Book Number | 9781449699628 |
| 040 ## - CATALOGING SOURCE | |
| Original cataloging agency | EG-ScBUE |
| 082 00 - DEWEY DECIMAL CLASSIFICATION NUMBER | |
| Edition number | 22 |
| Classification number | 616.075 |
| Item number | RHO |
| 100 1# - MAIN ENTRY--PERSONAL NAME | |
| Personal name | Rhoads, Jacqueline, |
| 9 (RLIN) | 36298 |
| Dates associated with a name | 1948- |
| 245 10 - TITLE STATEMENT | |
| Title | Advanced health assessment and diagnostic reasoning / |
| Statement of responsibility, etc | Jacqueline Rhoads, Sandra Wiggins Petersen. |
| 250 ## - EDITION STATEMENT | |
| Edition statement | 2nd ed. |
| 260 ## - PUBLICATION, DISTRIBUTION, ETC. (IMPRINT) | |
| Place of publication, distribution, etc | Burlington : |
| Name of publisher, distributor, etc | Jones & Bartlett Learning, |
| Date of publication, distribution, etc | c.2014. |
| 300 ## - PHYSICAL DESCRIPTION | |
| Extent | x, 502 p. : |
| Other physical details | ill. (col.) ; |
| Dimensions | 28 cm. |
| 500 #1 - GENERAL NOTE | |
| General note | Includes appendixes. |
| 500 ## - GENERAL NOTE | |
| General note | Index : p. 487-502. |
| 500 ## - GENERAL NOTE | |
| General note | Includes online access code. |
| 650 #0 - SUBJECT ADDED ENTRY--TOPICAL TERM | |
| 9 (RLIN) | 23530 |
| Topical term or geographic name as entry element | Nursing assessment |
| Form subdivision | Handbooks, manuals, etc. |
| 650 #0 - SUBJECT ADDED ENTRY--TOPICAL TERM | |
| 9 (RLIN) | 28882 |
| Topical term or geographic name as entry element | Physical diagnosis |
| Form subdivision | Handbooks, manuals, etc. |
| 650 20 - SUBJECT ADDED ENTRY--TOPICAL TERM | |
| Topical term or geographic name as entry element | Diagnostic Techniques and Procedures |
| 9 (RLIN) | 36300 |
| 653 ## - INDEX TERM--UNCONTROLLED | |
| Resource For college | Nursing |
| Arrived date list | October2014 |
| -- | March2015 |
| 655 ## - INDEX TERM--GENRE/FORM | |
| Form subdivision | |
| -- | 34232 |
| 700 1# - ADDED ENTRY--PERSONAL NAME | |
| Personal name | Petersen, Sandra Wiggins, |
| 9 (RLIN) | 36299 |
| Dates associated with a name | 1955- |
| 942 ## - ADDED ENTRY ELEMENTS (KOHA) | |
| Source of classification or shelving scheme | Dewey Decimal Classification |
| Call number prefix | 616.075 RHO |
| Withdrawn status | Item status | Source of classification or shelving scheme | Damaged status | Not for loan | Vendor | Home library | Current library | Shelving location | Date acquired | Source of acquisition | Cost, normal purchase price | Serial Enumeration / chronology | Total Checkouts | Total Renewals | Full call number | Barcode | Date last seen | Date last borrowed | Cost, replacement price | Koha item type |
|---|---|---|---|---|---|---|---|---|---|---|---|---|---|---|---|---|---|---|---|---|
| Dewey Decimal Classification | Baccah | Central Library | Central Library | First floor | 22/10/2014 | 351.00 | 20526 | 1 | 1 | 616.075 RHO | 000036761 | 15/07/2025 | 18/03/2015 | 438.75 | Book - Borrowing | |||||
| Dewey Decimal Classification | Baccah | Central Library | Central Library | First floor | 22/10/2014 | 351.00 | 20526 | 1 | 616.075 RHO | 000036762 | 15/07/2025 | 18/03/2015 | 438.75 | Book - Borrowing | ||||||
| Dewey Decimal Classification | Baccah | Central Library | Central Library | First floor | 28/03/2015 | 351.00 | 22358 | 1 | 1 | 616.075 RHO | 000037825 | 15/07/2025 | 21/03/2016 | 438.75 | Book - Borrowing |